Drugie największe miasto państw Europy - Statystyki

Ogólne statystyki
  • Ten quiz został rozwiązany 68 razy
  • Średni wynik to 18 z 48
Statystyki odpowiedzi
Państwo Miasto % Poprawnych
Polska Kraków
92%
Portugalia Porto
86%
Włochy Mediolan
83%
Hiszpania Barcelona
81%
Niemcy Hamburg
77%
Grecja Saloniki
77%
Francja Marsylia
73%
Rosja Petersburg
73%
Belgia Antwerpia
70%
Holandia Rotterdam
70%
Ukraina Charków
67%
Anglia Birmingham
66%
Czechy Brno
64%
Chorwacja Split
59%
Austria Graz
58%
Szkocja Edynburg
53%
Szwecja Goteborg
52%
Słowacja Koszyce
52%
Szwajcaria Genewa
47%
Norwegia Bergen
44%
Irlandia Cork
44%
Litwa Kłajpeda
36%
Węgry Debreczyn
34%
Białoruś Homel
33%
Dania Aarhus
31%
Turcja Izmir
31%
Bułgaria Płowdiw
31%
Albania Durres
30%
Walia Swansea
25%
Cypr Limassol
23%
Bośnia Banja Luka
22%
Słowenia Maribor
20%
Rumunia Kluż-Napoka
17%
Estonia Tartu
17%
Łotwa Daugavpils
11%
Finlandia Espoo
11%
Andora Escaldes
9%
Serbia Novi Sad
9%
Liechtenstein Schaan
9%
Irlandia Płn. Derry
6%
Macedonia Bitola
5%
Islandia Kopavogur
5%
Czarnogóra Niksić
3%
Kosowo Prizren
3%
San Marino Serravalle
3%
Malta Birkirkara
2%
Luksemburg Esch-sur-Alzette
0%
Mołdawia Tighina
0%
Nie znaleziono quizów pasujących do podanych kryteriów
Rozkład punktacji
Procent ludzi z każdym wynikiem
Percentyl według liczby udzielonych odpowiedzi
Twoja historia wyników
Nie rozwiązałeś tego quizu